000 00213nam a2200085Ia 4500
008 120527s9999 xx 000 0 und d
100 _aGlein & Flescher
245 _aCertificate in management accpunting
942 _cBK
999 _c27198
_d27198